<?xml version="1.0" encoding="UTF-8"?>
<record
    xmlns:xsi="http://www.w3.org/2001/XMLSchema-instance"
    xsi:schemaLocation="http://www.loc.gov/MARC21/slim http://www.loc.gov/standards/marcxml/schema/MARC21slim.xsd"
    xmlns="http://www.loc.gov/MARC21/slim">

  <leader>01200nam a2200301 i 4500</leader>
  <controlfield tag="001">768714001</controlfield>
  <controlfield tag="003">CO-MdFUSB</controlfield>
  <controlfield tag="005">20251015090054.0</controlfield>
  <controlfield tag="007">ta</controlfield>
  <controlfield tag="008">751014s1963    nju           001 0 engx </controlfield>
  <datafield tag="040" ind1=" " ind2=" ">
    <subfield code="a">DLC</subfield>
    <subfield code="d">PPiPT</subfield>
    <subfield code="d">DLC</subfield>
    <subfield code="b">spa</subfield>
    <subfield code="c">CO-MdFUSB</subfield>
    <subfield code="e">rda</subfield>
  </datafield>
  <datafield tag="041" ind1=" " ind2=" ">
    <subfield code="a">eng</subfield>
  </datafield>
  <datafield tag="082" ind1=" " ind2=" ">
    <subfield code="a">251</subfield>
    <subfield code="2">23</subfield>
    <subfield code="b">W594</subfield>
  </datafield>
  <datafield tag="100" ind1="1" ind2=" ">
    <subfield code="a">Whitesell, Faris D.,</subfield>
    <subfield code="d">1895-</subfield>
    <subfield code="e">autor</subfield>
  </datafield>
  <datafield tag="245" ind1="0" ind2="0">
    <subfield code="a">Power in expository preaching</subfield>
    <subfield code="c">/ Faris D. Whitesell.</subfield>
  </datafield>
  <datafield tag="264" ind1=" " ind2="1">
    <subfield code="a">[Westwood, N.J.]</subfield>
    <subfield code="b">Fleming H. Revell Company,</subfield>
    <subfield code="c">[1963]</subfield>
  </datafield>
  <datafield tag="264" ind1=" " ind2="4">
    <subfield code="c">&#xA9;1963</subfield>
  </datafield>
  <datafield tag="300" ind1=" " ind2=" ">
    <subfield code="a">174 p&#xE1;ginas ;</subfield>
    <subfield code="c">21 cm.</subfield>
  </datafield>
  <datafield tag="336" ind1=" " ind2=" ">
    <subfield code="2">rdacontent</subfield>
    <subfield code="a">texto</subfield>
    <subfield code="b">txt</subfield>
  </datafield>
  <datafield tag="337" ind1=" " ind2=" ">
    <subfield code="2">rdamedia</subfield>
    <subfield code="a">sin mediaci&#xF3;n</subfield>
    <subfield code="b">n</subfield>
  </datafield>
  <datafield tag="338" ind1=" " ind2=" ">
    <subfield code="2">rdacarrier</subfield>
    <subfield code="a">volumen</subfield>
    <subfield code="b">nc</subfield>
  </datafield>
  <datafield tag="505" ind1=" " ind2=" ">
    <subfield code="a">Poder a trav&#xE9;s de Motivaci&#xF3;n -- Poder a trav&#xE9;s de diversificaci&#xF3;n -- Poder a trav&#xE9;s de la explicaci&#xF3;n -- Poder a trav&#xE9;s de la organizaci&#xF3;n --Poder a trav&#xE9;s de la argumentaci&#xF3;n -- Poder a trav&#xE9;s de la ilustraci&#xF3;n -- Poder a trav&#xE9;s de la aplicaci&#xF3;n -- Poder a trav&#xE9;s de la imaginaci&#xF3;n -- Poder a trav&#xE9;s de la preparaci&#xF3;n -- Poder a trav&#xE9;s de la comunicaci&#xF3;n</subfield>
  </datafield>
  <datafield tag="563" ind1=" " ind2=" ">
    <subfield code="a">Tapa dura</subfield>
  </datafield>
  <datafield tag="650" ind1=" " ind2="0">
    <subfield code="a">Predicaci&#xF3;n</subfield>
    <subfield code="9">54</subfield>
  </datafield>
  <datafield tag="942" ind1=" " ind2=" ">
    <subfield code="c">BK</subfield>
  </datafield>
  <datafield tag="945" ind1=" " ind2=" ">
    <subfield code="a">JTF-925</subfield>
  </datafield>
  <datafield tag="952" ind1=" " ind2=" ">
    <subfield code="0">0</subfield>
    <subfield code="1">0</subfield>
    <subfield code="2">ddc</subfield>
    <subfield code="4">0</subfield>
    <subfield code="7">0</subfield>
    <subfield code="a">FUSBC</subfield>
    <subfield code="b">FUSBC</subfield>
    <subfield code="d">2018-10-11</subfield>
    <subfield code="l">0</subfield>
    <subfield code="o">G 251 W594p</subfield>
    <subfield code="p">1087</subfield>
    <subfield code="r">2019-12-12 00:00:00</subfield>
    <subfield code="t">Ej. 1</subfield>
    <subfield code="w">2018-10-11</subfield>
    <subfield code="y">BK</subfield>
    <subfield code="I">INV2023</subfield>
  </datafield>
  <datafield tag="999" ind1=" " ind2=" ">
    <subfield code="c">64616</subfield>
    <subfield code="d">64616</subfield>
  </datafield>
</record>
